000 00518nam a2200193Ia 4500
005 20250508155000.0
008 008 250505s9999 xx 000 0 eng d
037 _aTextBook
040 _aFEDL
_beng
_cFEDL
041 _aeng
_2eng
084 _a510, BRU
_qFEDL
100 _aBrueckner Leo J.
245 0 _aNew thinking with numbers
260 _aNew York, USA
_bHolt, Rinehart and Winston
_c1959
300 _a394p.
650 _aMathematics
942 _cTB
_h510, BRU
999 _c1353267
_d1353267